[Event "Moscow op (Women) 16th"]
[Site "Moscow"]
[Date "2020.02.01"]
[Round "8"]
[White "Ivanova, Svetlana"]
[Black "Sosnina, Ekaterina"]
[Result "0-1"]
[WhiteElo "1910"]
[BlackElo "1750"]
[PlyCount "60"]
[EventDate "2020.01.25"]
[EventType "swiss"]
[EventRounds "9"]
[EventCountry "RUS"]
[SourceTitle "CBM 194 Extra"]
[Source "ChessBase"]
[SourceDate "2020.03.31"]
[SourceVersion "1"]
[SourceVersionDate "2020.03.31"]
[SourceQuality "1"]

1. e4 d6 2. d4 Nf6 3. Nc3 g6 4. Nf3 Bg7 5. g3 0-0 6. Bg2 Bg4 7. h3 Bxf3 8. Bxf3 Nc6 9. Be3 e5 10. d5 Ne7 11. Qd2 Nd7 12. g4 Nb6 13. Be2 c6 14. dxc6 bxc6 15. Rd1 d5 16. Bh6 d4 17. Nb1 Nec8 18. Na3 Nd6 19. Bd3 Na4 20. Bxg7 Kxg7 21. Qb4 Nb6 22. h4 Rb8 23. Qa5 Qf6 24. Rh3 Qf4 25. f3 f5 26. gxf5 gxf5 27. Qd2 fxe4 28. Qg2+ Kh8 29. fxe4 Na4 30. Ke2 Rxb2 0-1

[Event "Moscow op (Women) 16th"]
[Site "Moscow"]
[Date "2020.01.30"]
[Round "6"]
[White "Ivanova, Svetlana"]
[Black "Shukhman, Anna"]
[Result "0-1"]
[WhiteElo "1910"]
[BlackElo "1691"]
[PlyCount "124"]
[EventDate "2020.01.25"]
[EventType "swiss"]
[EventRounds "9"]
[EventCountry "RUS"]
[SourceTitle "CBM 194 Extra"]
[Source "ChessBase"]
[SourceDate "2020.03.31"]
[SourceVersion "1"]
[SourceVersionDate "2020.03.31"]
[SourceQuality "1"]

1. e4 c5 2. Nf3 e6 3. d4 cxd4 4. Nxd4 a6 5. Bd3 Bc5 6. Nb3 Ba7 7. 0-0 Nc6 8. Nc3 Nge7 9. Re1 e5 10. Be3 Bxe3 11. Rxe3 d6 12. Bc4 b5 13. Bd5 b4 14. Bxc6+ Nxc6 15. Nd5 0-0 16. Rd3 Be6 17. Ne3 Qc7 18. Nd5 Bxd5 19. Rxd5 Rfd8 20. Qd2 Ne7 21. Rd3 a5 22. Rd1 Ra6 23. c3 a4 24. Nc1 bxc3 25. Qxc3 Rc6 26. Qd2 Rc2 27. Qe3 Rxb2 28. Rc3 Qb7 29. Nd3 Rb1 30. Rcc1 Rxc1 31. Rxc1 Rc8 32. Rxc8+ Nxc8 33. Qe1 g6 34. Qb4 Qc6 35. h3 Nb6 36. Nb2 Qc1+ 37. Kh2 Qc5 38. Nd3 Qxb4 39. Nxb4 f5 40. f3 Kf7 41. Kg1 Ke6 42. Kf2 f4 43. g3 fxg3+ 44. Kxg3 d5 45. exd5+ Nxd5 46. Nd3 Nc3 47. Kf2 Kd5 48. Nc1 Kd4 49. h4 h6 50. a3 g5 51. h5 e4 52. fxe4 Kxe4 53. Kg3 Ke3 54. Kg4 Kd2 55. Kf5 Kxc1 56. Kg6 g4 57. Kxh6 g3 58. Kh7 g2 59. h6 g1Q 60. Kh8 Qh2 61. h7 Kb2 62. Kg7 Kxa3 0-1

[Event "Moscow op (Women) 16th"]
[Site "Moscow"]
[Date "2020.01.29"]
[Round "5"]
[White "Baymuratova, Sevara"]
[Black "Ivanova, Svetlana"]
[Result "1-0"]
[WhiteElo "2140"]
[BlackElo "1910"]
[PlyCount "73"]
[EventDate "2020.01.25"]
[EventType "swiss"]
[EventRounds "9"]
[EventCountry "RUS"]
[SourceTitle "CBM 194 Extra"]
[Source "ChessBase"]
[SourceDate "2020.03.31"]
[SourceVersion "1"]
[SourceVersionDate "2020.03.31"]
[SourceQuality "1"]

1. d4 Nf6 2. Nf3 g6 3. c4 Bg7 4. Nc3 d6 5. e4 Bg4 6. Be2 0-0 7. 0-0 Nfd7 8. Be3 Nc6 9. d5 Bxf3 10. Bxf3 Na5 11. Qa4 Bxc3 12. bxc3 b6 13. Be2 Nb7 14. f4 Nbc5 15. Qc2 f6 16. Rae1 Qc8 17. h4 Rf7 18. Bg4 Rg7 19. Bxc5 bxc5 20. Be6+ Kh8 21. e5 f5 22. h5 Qe8 23. h6 Rg8 24. exd6 cxd6 25. Bxg8 Kxg8 26. Qe2 Kf8 27. Rb1 Rb8 28. Rb5 Rxb5 29. cxb5 Nf6 30. c4 Ng4 31. a4 Nxh6 32. a5 Qb8 33. Qb2 Nf7 34. b6 axb6 35. Qxb6 Qxb6 36. axb6 Nd8 37. Ra1 1-0

[Event "Moscow op (Women) 16th"]
[Site "Moscow"]
[Date "2020.01.26"]
[Round "2"]
[White "Abbasova, Zarifa"]
[Black "Ivanova, Svetlana"]
[Result "0-1"]
[WhiteElo "1383"]
[BlackElo "1910"]
[PlyCount "52"]
[EventDate "2020.01.25"]
[EventType "swiss"]
[EventRounds "9"]
[EventCountry "RUS"]
[SourceTitle "CBM 194 Extra"]
[Source "ChessBase"]
[SourceDate "2020.03.31"]
[SourceVersion "1"]
[SourceVersionDate "2020.03.31"]
[SourceQuality "1"]

1. e4 e5 2. Nf3 Nc6 3. Bc4 Nf6 4. d3 Bc5 5. c3 0-0 6. b4 Bb6 7. a4 a6 8. Bg5 h6 9. Bh4 d6 10. 0-0 Re8 11. Nbd2 Be6 12. Qc2 g5 13. Bg3 Nh5 14. Rad1 Qf6 15. h3 Nxg3 16. Rfe1 Nh5 17. a5 Ba7 18. Bxe6 Rxe6 19. Nf1 Nf4 20. Ne3 Nxh3+ 21. Kf1 Bxe3 22. fxe3 g4 23. gxh3 Qxf3+ 24. Kg1 Rg6 25. Qf2 gxh3+ 26. Kf1 Qh5 0-1

[Event "Moscow op-B (Women)"]
[Site "Moscow"]
[Date "2016.02.03"]
[Round "5"]
[White "Ivanova, Svetlana"]
[Black "Tanygina, Yulia"]
[Result "0-1"]
[WhiteElo "1903"]
[BlackElo "1665"]
[PlyCount "80"]
[EventDate "2016.01.30"]
[EventType "swiss"]
[EventRounds "9"]
[EventCountry "RUS"]
[SourceTitle "CBM 170 Extra"]
[Source "ChessBase"]
[SourceDate "2016.02.25"]
[SourceVersion "1"]
[SourceVersionDate "2016.02.25"]
[SourceQuality "1"]

1. e4 e5 2. Nf3 Nc6 3. d4 exd4 4. Nxd4 Bc5 5. Nb3 Bb6 6. Nc3 Nf6 7. Bg5 h6 8. Bh4 d6 9. Qe2 Nd4 10. Nxd4 Bxd4 11. Qd2 Bb6 12. 0-0-0 g5 13. Bg3 Bd7 14. e5 Nh5 15. exd6 Nxg3 16. hxg3 Be6 17. dxc7 Qxd2+ 18. Rxd2 Bxc7 19. Bb5+ Kf8 20. Ne4 a6 21. Bd7 Ba5 22. Rdd1 Ke7 23. Bxe6 fxe6 24. g4 Bc7 25. Rd3 b5 26. Rdh3 Bf4+ 27. Kb1 Rad8 28. c3 Rd5 29. Kc2 Re5 30. f3 Rc8 31. Rxh6 Kd7 32. Rd1+ Kc7 33. Rh7+ Kb6 34. Rd6+ Rc6 35. Rdd7 Rd5 36. Rb7+ Ka5 37. Rbd7 b4 38. Rh6 Rxd7 39. g3 Be3 40. Rg6 Rd5 0-1

[Event "Kimry Summer op2"]
[Site "Kimry"]
[Date "2015.08.28"]
[Round "5"]
[White "Chernyaev, Vladimir"]
[Black "Ivanova, Svetlana"]
[Result "0-1"]
[WhiteElo "1567"]
[BlackElo "1933"]
[PlyCount "46"]
[EventDate "2015.08.26"]
[EventType "swiss"]
[EventRounds "7"]
[EventCountry "RUS"]
[SourceTitle "EXT 2016"]
[Source "ChessBase"]
[SourceDate "2015.10.08"]
[SourceVersion "1"]
[SourceVersionDate "2015.10.08"]
[SourceQuality "1"]

1. d4 Nf6 2. c4 g6 3. g3 Bg7 4. Bg2 0-0 5. Nf3 d6 6. 0-0 Nc6 7. Nc3 Rb8 8. d5 Na5 9. Qa4 c5 10. b4 cxb4 11. Qxb4 b5 12. Rb1 Bf5 13. Be3 Bxb1 14. Rxb1 bxc4 15. Qxb8 Qxb8 16. Rxb8 Rxb8 17. Bxa7 Rb2 18. Bd4 Rc2 19. e3 Ng4 20. Ne4 Rxa2 21. h3 Ne5 22. Nxe5 Bxe5 23. Bb6 c3 0-1

[Event "Kimry Summer op2"]
[Site "Kimry"]
[Date "2015.08.27"]
[Round "3"]
[White "Ivanova, Svetlana"]
[Black "Shpagin, Vlas"]
[Result "0-1"]
[WhiteElo "1933"]
[BlackElo "2316"]
[PlyCount "92"]
[EventDate "2015.08.26"]
[EventType "swiss"]
[EventRounds "7"]
[EventCountry "RUS"]
[SourceTitle "EXT 2016"]
[Source "ChessBase"]
[SourceDate "2015.10.08"]
[SourceVersion "1"]
[SourceVersionDate "2015.10.08"]
[SourceQuality "1"]

1. e4 Nf6 2. e5 Nd5 3. d4 d6 4. c4 Nb6 5. exd6 exd6 6. Nc3 g6 7. Nf3 Bg4 8. h3 Bxf3 9. Qxf3 Nc6 10. Be3 Bg7 11. Qe4+ Qe7 12. Qxe7+ Nxe7 13. g4 h5 14. f3 d5 15. c5 Nc4 16. Bxc4 dxc4 17. 0-0-0 0-0-0 18. Bg5 Rd7 19. Bxe7 Rxe7 20. Nb5 a6 21. Na3 Rd8 22. d5 c3 23. Nc4 cxb2+ 24. Kb1 Re2 25. gxh5 gxh5 26. d6 Rf2 27. Rhe1 Bf6 28. Rd5 Rxf3 29. Rxh5 Rf4 30. Ne5 Bxe5 31. Rhxe5 cxd6 32. cxd6 Rxd6 33. Kxb2 Rd2+ 34. Kb3 Rd3+ 35. Kc2 Rxh3 36. Rc5+ Kb8 37. Re2 Rhf3 38. Rd2 Rf2 39. Rxf2 Rxf2+ 40. Kb3 Rf4 41. a4 b6 42. Rc6 Kb7 43. Rh6 a5 44. Rd6 Kc7 45. Rh6 Rb4+ 46. Ka3 f5 0-1

[Event "Kimry Summer op"]
[Site "Kimry"]
[Date "2015.06.11"]
[Round "7"]
[White "Ivanova, Svetlana"]
[Black "Protasov, Sergey"]
[Result "1/2-1/2"]
[WhiteElo "1933"]
[BlackElo "1644"]
[PlyCount "83"]
[EventDate "2015.06.08"]
[EventType "swiss"]
[EventRounds "7"]
[EventCountry "RUS"]
[SourceTitle "CBM 167 Extra"]
[Source "ChessBase"]
[SourceDate "2015.09.14"]
[SourceVersion "1"]
[SourceVersionDate "2015.09.14"]
[SourceQuality "1"]

1. e4 c5 2. d4 cxd4 3. c3 d5 4. exd5 Nf6 5. Qxd4 Qxd5 6. Qxd5 Nxd5 7. Nf3 Nc6 8. Bc4 Nb6 9. Bb3 Bg4 10. Nbd2 e6 11. 0-0 0-0-0 12. h3 Bf5 13. Nc4 Nxc4 14. Bxc4 Bc5 15. Bf4 Bd3 16. Bxd3 Rxd3 17. Ng5 Nd8 18. Ne4 Be7 19. Rad1 Rxd1 20. Rxd1 Nc6 21. Kf1 Rd8 22. Rxd8+ Kxd8 23. Bd6 f6 24. Ke2 f5 25. Bxe7+ Kxe7 26. Nd2 Kd6 27. f4 Kd5 28. Kd3 b5 29. b3 g6 30. Nf3 h6 31. g3 e5 32. fxe5 Nxe5+ 33. Nxe5 Kxe5 34. Ke3 g5 35. Kf3 a5 36. Ke3 Kd5 37. Kf3 Ke5 38. Ke3 Kd5 39. Kf3 Ke5 40. Ke3 Kd5 41. Kf3 Ke5 42. Ke3 1/2-1/2

[Event "Kimry Summer op"]
[Site "Kimry"]
[Date "2015.06.08"]
[Round "1"]
[White "Ivanova, Svetlana"]
[Black "Dementieva, Ksenia"]
[Result "1-0"]
[WhiteElo "1933"]
[BlackElo "1257"]
[PlyCount "53"]
[EventDate "2015.06.08"]
[EventType "swiss"]
[EventRounds "7"]
[EventCountry "RUS"]
[SourceTitle "CBM 167 Extra"]
[Source "ChessBase"]
[SourceDate "2015.09.14"]
[SourceVersion "1"]
[SourceVersionDate "2015.09.14"]
[SourceQuality "1"]

1. e4 e5 2. Nf3 Nc6 3. d4 exd4 4. Nxd4 Qf6 5. Be3 a6 6. Be2 Bc5 7. c3 Nge7 8. 0-0 Qe5 9. Nf3 Qd6 10. Bxc5 Qxc5 11. c4 Ne5 12. Nxe5 Qxe5 13. Nc3 d6 14. Rc1 0-0 15. f4 Qc5+ 16. Kh1 Nc6 17. Nd5 Qa5 18. a3 b5 19. cxb5 Nd8 20. Nxc7 Rb8 21. Qxd6 Rb6 22. Qd4 Bb7 23. b4 Qxa3 24. Ra1 Qb3 25. Qxb6 Qxb4 26. Rab1 Qxe4 27. Bf3 1-0

[Event "Kimry Spring op"]
[Site "Kimry"]
[Date "2015.04.19"]
[Round "6"]
[White "Akimov, Andrey"]
[Black "Ivanova, Svetlana"]
[Result "0-1"]
[WhiteElo "1414"]
[BlackElo "1907"]
[PlyCount "86"]
[EventDate "2015.04.17"]
[EventType "swiss"]
[EventRounds "7"]
[EventCountry "RUS"]
[SourceTitle "CBM 166 Extra"]
[Source "ChessBase"]
[SourceDate "2015.06.18"]
[SourceVersion "1"]
[SourceVersionDate "2015.06.18"]
[SourceQuality "1"]

1. e4 e5 2. Nf3 Nc6 3. Bb5 a6 4. Bxc6 dxc6 5. d4 exd4 6. Qxd4 Qxd4 7. Nxd4 c5 8. Nf3 Ne7 9. b3 f6 10. 0-0 Bg4 11. Nbd2 Nc6 12. Bb2 0-0-0 13. h3 Be6 14. c4 Nd4 15. Rfd1 g6 16. Ne1 Bh6 17. Ndf3 Nxf3+ 18. Nxf3 Rhf8 19. Rxd8+ Kxd8 20. a4 a5 21. Bc3 b6 22. Nh2 Ke7 23. e5 f5 24. h4 Rd8 25. Rb1 Rd3 26. Ba1 f4 27. f3 Bf5 28. Ng4 Bxg4 29. fxg4 Ke6 30. Kf2 Re3 31. g5 Bg7 32. Kf1 Bxe5 33. Bxe5 Kxe5 34. Re1 Rxe1+ 35. Kxe1 Kf5 36. Kf2 Kg4 37. Kg1 Kxh4 38. Kf2 Kxg5 39. Kf3 Kf5 40. Ke2 Ke4 41. Kd2 f3 42. gxf3+ Kxf3 43. Kd3 h5 0-1

[Event "Kimry Spring op"]
[Site "Kimry"]
[Date "2015.04.18"]
[Round "3"]
[White "Ivanova, Svetlana"]
[Black "Voropaev, Pavel"]
[Result "1-0"]
[WhiteElo "1907"]
[BlackElo "1282"]
[PlyCount "53"]
[EventDate "2015.04.17"]
[EventType "swiss"]
[EventRounds "7"]
[EventCountry "RUS"]
[SourceTitle "CBM 166 Extra"]
[Source "ChessBase"]
[SourceDate "2015.06.18"]
[SourceVersion "1"]
[SourceVersionDate "2015.06.18"]
[SourceQuality "1"]

1. e4 e5 2. Nf3 Nc6 3. d4 f6 4. dxe5 fxe5 5. Bc4 Be7 6. Qd5 Nh6 7. Bxh6 Rf8 8. Bxg7 Rf4 9. c3 d6 10. Nbd2 a6 11. g3 Bf8 12. gxf4 Qe7 13. Bxf8 Qxf8 14. f5 Bd7 15. Rg1 Ne7 16. Qxb7 Rc8 17. 0-0-0 a5 18. Rg3 Qh6 19. Rdg1 Kd8 20. Rg8+ Nxg8 21. Rxg8+ Ke7 22. Rxc8 Bxc8 23. Qxc8 Qh5 24. Qxc7+ Kf8 25. Qxd6+ Ke8 26. Nxe5 Qg5 27. Bf7# 1-0

[Event "Kimry Spring op"]
[Site "Kimry"]
[Date "2015.04.18"]
[Round "4"]
[White "Protasov, Sergey"]
[Black "Ivanova, Svetlana"]
[Result "1-0"]
[WhiteElo "1750"]
[BlackElo "1907"]
[PlyCount "65"]
[EventDate "2015.04.17"]
[EventType "swiss"]
[EventRounds "7"]
[EventCountry "RUS"]
[SourceTitle "CBM 166 Extra"]
[Source "ChessBase"]
[SourceDate "2015.06.18"]
[SourceVersion "1"]
[SourceVersionDate "2015.06.18"]
[SourceQuality "1"]

1. e4 e5 2. Nf3 Nc6 3. d4 exd4 4. Bc4 Nf6 5. e5 d5 6. Bb5 Ne4 7. Nxd4 Bc5 8. 0-0 0-0 9. Nxc6 bxc6 10. Bxc6 Ba6 11. Bxa8 Bxf1 12. Kxf1 Qh4 13. Qf3 Rxa8 14. Be3 Bxe3 15. Qxe3 Qxh2 16. Qh3 Qxe5 17. Nc3 Nxc3 18. Qxc3 Qxc3 19. bxc3 Rb8 20. c4 d4 21. Ke2 Kf8 22. Kd3 c5 23. Rh1 h6 24. Rh5 Rc8 25. Re5 f6 26. Re6 f5 27. Ra6 Rc7 28. Ke2 Kf7 29. Kf3 g6 30. Kf4 Re7 31. Ra5 Re4+ 32. Kf3 g5 33. Rxc5 1-0

[Event "Kimry op 70th"]
[Site "Kimry"]
[Date "2014.08.30"]
[Round "5"]
[White "Ivanova, Svetlana"]
[Black "Loev, Dmitrii"]
[Result "1-0"]
[WhiteElo "1936"]
[BlackElo "1636"]
[PlyCount "35"]
[EventDate "2014.08.28"]
[EventType "swiss"]
[EventRounds "7"]
[EventCountry "RUS"]
[SourceTitle "EXT 2015"]
[Source "ChessBase"]
[SourceDate "2014.11.20"]
[SourceVersion "1"]
[SourceVersionDate "2014.11.20"]
[SourceQuality "1"]

1. e4 c5 2. Nf3 Nc6 3. d4 cxd4 4. Nxd4 e6 5. Nc3 Bb4 6. Ndb5 Bxc3+ 7. Nxc3 Nge7 8. Qd6 0-0 9. Be3 Ng6 10. f4 f5 11. e5 Qa5 12. 0-0-0 Qb4 13. Qxb4 Nxb4 14. Bc5 Nc6 15. Bxf8 Kxf8 16. g3 Nge7 17. Bg2 a6 18. Na4 1-0

[Event "Tver Region-ch Rapid"]
[Site "Kimry"]
[Date "2013.12.05"]
[Round "3.2"]
[White "Ivanova, Svetlana"]
[Black "Sherbakova, Elena"]
[Result "1-0"]
[WhiteElo "1938"]
[BlackElo "1806"]
[PlyCount "65"]
[EventDate "2013.12.04"]
[EventType "swiss (rapid)"]
[EventRounds "7"]
[EventCountry "RUS"]
[SourceTitle "EXT 2022"]
[Source "ChessBase"]
[SourceDate "2021.10.06"]
[SourceVersion "1"]
[SourceVersionDate "2021.10.06"]
[SourceQuality "1"]

1. e4 e5 2. Nf3 Nc6 3. Nc3 Nf6 4. Bc4 Bc5 5. d3 h6 6. 0-0 0-0 7. Be3 Bb6 8. Qd2 Bxe3 9. Qxe3 d6 10. h3 Nb4 11. Bb3 Be6 12. Qd2 d5 13. Nxe5 dxe4 14. d4 Nd7 15. Nxe4 Nd5 16. Nf3 N5f6 17. Qf4 Nxe4 18. Qxe4 Nf6 19. Qxb7 Qd7 20. Ne5 Qd6 21. Qf3 Qxd4 22. Rfe1 Nd7 23. Nc6 Qb6 24. Ne7+ Kh8 25. c3 Rae8 26. Nc6 Bxb3 27. Rxe8 Rxe8 28. axb3 Qxb3 29. Rxa7 Re1+ 30. Kh2 Re8 31. Rxc7 Ne5 32. Qe4 Ng4+ 33. Qxg4 1-0

[Event "Kimry op 08"]
[Site "Kimry"]
[Date "2012.08.30"]
[Round "5"]
[White "Protasov, Sergey"]
[Black "Ivanova, Svetlana"]
[Result "0-1"]
[WhiteElo "1578"]
[BlackElo "1913"]
[PlyCount "86"]
[EventDate "2012.08.28"]
[EventType "swiss"]
[EventRounds "7"]
[EventCountry "RUS"]
[SourceTitle "CBM 150 Extra"]
[Source "ChessBase"]
[SourceDate "2012.10.19"]
[SourceVersion "1"]
[SourceVersionDate "2012.10.19"]
[SourceQuality "1"]

1. e4 c5 2. Nf3 Nc6 3. d4 cxd4 4. Nxd4 Nf6 5. Nc3 e6 6. Ndb5 Bb4 7. Nd6+ Ke7 8. Bd2 Bxd6 9. f4 e5 10. Nb5 Bb8 11. fxe5 Bxe5 12. Be3 d6 13. Qd3 a6 14. Nd4 Nxd4 15. Bxd4 Bxd4 16. Qxd4 Qa5+ 17. c3 Qe5 18. 0-0-0 Qxd4 19. Rxd4 Be6 20. Bc4 Bxc4 21. Rxc4 Rac8 22. Rd4 Rhe8 23. Rhd1 Rc6 24. Kd2 Kd7 25. Ke3 Kc7 26. Kf3 Re6 27. R1d3 Nd7 28. Rd1 Ne5+ 29. Kf4 Rf6+ 30. Ke3 Nc4+ 31. Ke2 Nxb2 32. e5 Re6 33. Rxd6 Nxd1 34. Rxc6+ Kxc6 35. Kxd1 Rxe5 36. Kd2 f5 37. a3 f4 38. a4 g5 39. Kd3 g4 40. c4 Kc5 41. Kd2 f3 42. gxf3 gxf3 43. Kd3 f2 0-1

[Event "Kimry op 08"]
[Site "Kimry"]
[Date "2012.08.29"]
[Round "4"]
[White "Ivanova, Svetlana"]
[Black "Asrian, Armen"]
[Result "0-1"]
[WhiteElo "1913"]
[BlackElo "2119"]
[PlyCount "102"]
[EventDate "2012.08.28"]
[EventType "swiss"]
[EventRounds "7"]
[EventCountry "RUS"]
[SourceTitle "CBM 150 Extra"]
[Source "ChessBase"]
[SourceDate "2012.10.19"]
[SourceVersion "1"]
[SourceVersionDate "2012.10.19"]
[SourceQuality "1"]

1. d4 Nf6 2. Nf3 g6 3. Nc3 d5 4. Bf4 c6 5. e3 Bg7 6. Bd3 Bg4 7. h3 Bxf3 8. Qxf3 0-0 9. 0-0 Nbd7 10. Rad1 Qb6 11. Rb1 Rfe8 12. b4 e5 13. dxe5 Nxe5 14. Bxe5 Rxe5 15. Na4 Qc7 16. Nc5 b6 17. Nb3 Rae8 18. c4 dxc4 19. Bxc4 Ne4 20. g4 h5 21. Rbc1 hxg4 22. hxg4 b5 23. Be2 Bh6 24. Kh1 Kg7 25. Kg2 Qe7 26. Rxc6 Qxb4 27. Rc7 R8e7 28. Rxe7 Rxe7 29. Rd1 Nc3 30. Rh1 Qe4 31. Qxe4 Rxe4 32. Bf3 Ra4 33. Nd4 Rxa2 34. Rc1 Bxe3 35. Rxc3 Bxd4 36. Rb3 a6 37. Bb7 Rxf2+ 38. Kg3 Ra2 39. Bxa6 Rxa6 40. Rxb5 Rf6 41. Rd5 Bf2+ 42. Kg2 Be1 43. Rb5 Rf2+ 44. Kh3 Rf3+ 45. Kh2 Re3 46. Rd5 Bh4 47. Rc5 Kh6 48. Rd5 f6 49. Rb5 Bg3+ 50. Kg2 Be5 51. Kf2 Re4 0-1

[Event "Kimry op 08"]
[Site "Kimry"]
[Date "2012.08.29"]
[Round "3"]
[White "Struzhkin, Denis"]
[Black "Ivanova, Svetlana"]
[Result "1/2-1/2"]
[WhiteElo "2056"]
[BlackElo "1913"]
[PlyCount "47"]
[EventDate "2012.08.28"]
[EventType "swiss"]
[EventRounds "7"]
[EventCountry "RUS"]
[SourceTitle "CBM 150 Extra"]
[Source "ChessBase"]
[SourceDate "2012.10.19"]
[SourceVersion "1"]
[SourceVersionDate "2012.10.19"]
[SourceQuality "1"]

1. e4 c5 2. Nf3 Nc6 3. d4 cxd4 4. Nxd4 Nf6 5. Nc3 e6 6. Ndb5 Bb4 7. a3 Bxc3+ 8. Nxc3 d5 9. exd5 exd5 10. Bg5 0-0 11. Be2 Re8 12. 0-0 d4 13. Nb1 Bf5 14. Bd3 Bxd3 15. Qxd3 Qd6 16. Bxf6 Qxf6 17. Nd2 Re6 18. Nf3 Rd8 19. Rad1 g5 20. Rfe1 g4 21. Nd2 Rd5 22. Rxe6 fxe6 23. Ne4 Qf4 24. Re1 1/2-1/2

[Event "Kimry op 08"]
[Site "Kimry"]
[Date "2012.08.28"]
[Round "1"]
[White "Ivanova, Svetlana"]
[Black "Pisareva, Ekaterina"]
[Result "1-0"]
[WhiteElo "1913"]
[BlackElo "1205"]
[PlyCount "47"]
[EventDate "2012.08.28"]
[EventType "swiss"]
[EventRounds "7"]
[EventCountry "RUS"]
[SourceTitle "CBM 150 Extra"]
[Source "ChessBase"]
[SourceDate "2012.10.19"]
[SourceVersion "1"]
[SourceVersionDate "2012.10.19"]
[SourceQuality "1"]

1. d4 d6 2. Nf3 g6 3. e4 d5 4. e5 e6 5. Bd3 Bg7 6. 0-0 Nh6 7. h3 0-0 8. Bg5 Qe8 9. Qd2 Nd7 10. Bxh6 Bxh6 11. Qxh6 f6 12. exf6 Nxf6 13. Ne5 Ne4 14. f3 Rf5 15. fxe4 Rxf1+ 16. Bxf1 dxe4 17. Nc3 e3 18. Bd3 Bd7 19. Rf1 Bc6 20. Bxg6 hxg6 21. Nxg6 Qxg6 22. Qxg6+ Kh8 23. Rf7 Be4 24. Qg7# 1-0

[Event "Kimry op Aug"]
[Site "Kimry"]
[Date "2011.08.31"]
[Round "6"]
[White "Ivanova, Svetlana"]
[Black "Mikhailov, Ivan"]
[Result "0-1"]
[WhiteElo "1921"]
[BlackElo "2023"]
[PlyCount "106"]
[EventDate "2011.08.29"]
[EventType "swiss"]
[EventRounds "7"]
[EventCountry "RUS"]
[SourceTitle "CBM 144 Extra"]
[Source "ChessBase"]
[SourceDate "2011.10.28"]
[SourceVersion "1"]
[SourceVersionDate "2011.10.28"]
[SourceQuality "1"]

1. d4 Nf6 2. c4 g6 3. Nc3 Bg7 4. e4 d6 5. Be2 0-0 6. Nf3 e5 7. d5 Na6 8. 0-0 Nc5 9. Qc2 a5 10. Bd2 Nfd7 11. a3 a4 12. Rad1 f5 13. Ne1 Nf6 14. f3 f4 15. Nd3 Nb3 16. Be1 Nd4 17. Qd2 g5 18. Bf2 Nxe2+ 19. Nxe2 g4 20. Bh4 Nxe4 21. Bxd8 Nxd2 22. Rxd2 Rxd8 23. Nc3 gxf3 24. gxf3 Bh3 25. Re1 Bf6 26. Nf2 Bf5 27. Nfe4 Bh4 28. Ree2 Kf7 29. Kh1 Bh3 30. Rd1 Rg8 31. c5 Rg6 32. cxd6 cxd6 33. Rg1 Rxg1+ 34. Kxg1 Ke7 35. Nb5 Rg8+ 36. Kh1 Rc8 37. Nbc3 Kd7 38. Rc2 Bd8 39. Re2 Bb6 40. Nf2 Bxf2 41. Rxf2 Rc4 42. Rd2 b5 43. Kg1 Rc5 44. Re2 Bf5 45. Rg2 Bg6 46. h4 Kc7 47. Kf2 Kb6 48. Rg1 Rc7 49. Rg5 b4 50. Ne2 Rc2 51. Rg1 Bd3 52. Re1 Rxb2 53. axb4 a3 0-1

[Event "Kimry op Aug"]
[Site "Kimry"]
[Date "2011.08.30"]
[Round "4"]
[White "Sukhanov, Maxim"]
[Black "Ivanova, Svetlana"]
[Result "0-1"]
[WhiteElo "1545"]
[BlackElo "1921"]
[PlyCount "104"]
[EventDate "2011.08.29"]
[EventType "swiss"]
[EventRounds "7"]
[EventCountry "RUS"]
[SourceTitle "CBM 144 Extra"]
[Source "ChessBase"]
[SourceDate "2011.10.28"]
[SourceVersion "1"]
[SourceVersionDate "2011.10.28"]
[SourceQuality "1"]

1. d4 d5 2. c4 e6 3. Nf3 Nf6 4. g3 c6 5. Bg2 Bd6 6. Bg5 Nbd7 7. Qc2 h6 8. Bxf6 Nxf6 9. Nbd2 0-0 10. 0-0 Re8 11. e3 Nd7 12. Rfe1 f5 13. c5 Bc7 14. b4 Qf6 15. Nb1 a5 16. Qa4 e5 17. Nc3 e4 18. Nd2 Rb8 19. a3 Re7 20. Qc2 Nf8 21. Nb3 Ra8 22. Qe2 Ne6 23. Bh3 g5 24. Qf1 Rg7 25. Ne2 Nf8 26. Red1 f4 27. Bxc8 Rxc8 28. Nxa5 Bxa5 29. bxa5 f3 30. Nc3 Ra8 31. Rdb1 Rxa5 32. a4 Qf5 33. h3 h5 34. Rb2 Ne6 35. Rab1 Ra7 36. Ra2 Qf6 37. a5 Nc7 38. Ra3 Kh7 39. Na2 Nb5 40. Ra4 Qd8 41. Qe1 Qd7 42. Kh2 Qc7 43. Kg1 h4 44. g4 Rg8 45. Qb4 Rga8 46. Nc3 Rxa5 47. Rba1 Rxa4 48. Rxa4 Rxa4 49. Nxa4 Qb8 50. Nc3 Nxc3 51. Qxc3 Qa7 52. Kf1 Qa6+ 0-1